[Event "ODJM B 2016"]
[Site "Willingen GER"]
[Date "2016.05.19"]
[Round "7"]
[White "Rempe, Janne"]
[Black "Zeng, Jiakang-Felix"]
[Result "1-0"]
[Termination "normal"]
[Board "55"]
[WhiteElo "948"]
[BlackElo "800"]
[PlyCount "91"]
[WhiteFideId "16202392"]
[EventCountry "GER"]
[EventRounds "9"]
[EventType "swiss"]
[EventDate "2016.05.14"]

1. e4 e5 2. Nf3 Nc6 3. Bb5 Bc5 4. O-O Nf6 5. d3 h6 6. c3 a6 7. Ba4 b5 8. Bc2
O-O 9. Nbd2 d6 10. h3 Re8 11. Re1 Ne7 12. Nf1 Ng6 13. Ng3 c6 14. h4 h5 15. Bg5
Bg4 16. d4 exd4 17. cxd4 Bb4 18. Re3 Bxf3 19. Qxf3 Re6 20. Nxh5 c5 21. d5 Re8
22. Bxf6 gxf6 23. Nxf6+ Kf8 24. Nxe8 Qxe8 25. h5 Ne5 26. Qf6 Ng4 27. Qxd6+ Kg8
28. Qg3 Qd7 29. f3 Kf8 30. fxg4 c4 31. Qe5 Bc5 32. Rae1 Qxg4 33. d6 Bxe3+ 34.
Rxe3 Re8 35. Rg3 Rxe5 36. Rxg4 Rxh5 37. Rg8+ Kxg8 38. d7 Rh8 39. d8=Q+ Kg7 40.
Qg5+ Kf8 41. e5 Rg8 42. Qd8+ Kg7 43. Qf6+ Kf8 44. e6 Rg7 45. e7+ Kg8 46. e8=Q#
1-0

[Event "ODJM B 2016"]
[Site "Willingen GER"]
[Date "2016.05.19"]
[Round "7"]
[White "Ibrahim, Ben"]
[Black "Kail, Oliver"]
[Result "1/2-1/2"]
[Termination "normal"]
[Board "56"]
[WhiteElo "834"]
[BlackElo "915"]
[PlyCount "44"]
[WhiteFideId "12993921"]
[BlackFideId "16228820"]
[EventCountry "GER"]
[EventRounds "9"]
[EventType "swiss"]
[EventDate "2016.05.14"]

1. e4 e5 2. Nf3 Nc6 3. Bc4 Nf6 4. Ng5 d5 5. Bb3 Nxe4 6. Qf3 Nxg5 7. Qxd5 Qxd5
8. Bxd5 Bd7 9. d4 Bd6 10. Bxg5 f6 11. Bxc6 Bxc6 12. Bd2 Bxg2 13. Rg1 Bc6 14.
Rxg7 O-O-O 15. Rg1 e4 16. Bc3 Bxh2 17. Rh1 Be5 18. dxe5 fxe5 19. Bxe5 e3 20.
Nc3 Bxh1 21. Nb5 Kb8 22. Na3 exf2+ 1/2-1/2

[Event "ODJM B 2016"]
[Site "Willingen GER"]
[Date "2016.05.19"]
[Round "7"]
[White "Färber, Sophie"]
[Black "Klonov, Sofia"]
[Result "1-0"]
[Termination "normal"]
[Board "58"]
[WhiteElo "860"]
[BlackElo "866"]
[PlyCount "143"]
[WhiteFideId "16239121"]
[BlackFideId "16226240"]
[EventCountry "GER"]
[EventRounds "9"]
[EventType "swiss"]
[EventDate "2016.05.14"]

1. e4 c5 2. c3 Nc6 3. Nf3 g6 4. d4 cxd4 5. cxd4 Bg7 6. e5 d6 7. exd6 exd6 8.
Qe2+ Qe7 9. Qxe7+ Ngxe7 10. Bb5 Bg4 11. Nbd2 Nf5 12. d5 a6 13. dxc6 axb5 14.
cxb7 Rb8 15. Ne4 Rxb7 16. h3 Bxf3 17. gxf3 O-O 18. Rb1 Nd4 19. f4 Nc2+ 20. Kd1
Nd4 21. Nxd6 Rd7 22. Ne4 Nb3+ 23. Kc2 Nxc1 24. Kxc1 Re8 25. Nc5 Rde7 26. Nd3
Re4 27. Kc2 Rc4+ 28. Kb3 Re2 29. Rbd1 g5 30. fxg5 Bd4 31. Rc1 Rxc1 32. Nxc1
Rxf2 33. Kb4 Rxb2+ 34. Nb3 Be3 35. h4 Bd2+ 36. Ka3 Rc2 37. Rd1 Bc3 38. h5 Kf8
39. Rd8+ Ke7 40. Ra8 Kd7 41. Ra7+ Kc6 42. Rxf7 Re2 43. Rf3 Be5 44. Rf5 Bc3 45.
Rf4 Re7 46. Nd4+ Kd5 47. Nxb5 Rc7 48. Nxc7+ Kc5 49. Ne6+ Kd5 50. Nf8 Ke5 51.
Rf7 Kd5 52. Rxh7 Kc5 53. Rc7+ Kd4 54. Rxc3 Kxc3 55. h6 Kd3 56. h7 Kd2 57. h8=R
Ke3 58. Rh3+ Kf2 59. Kb4 Kg2 60. Ra3 Kh2 61. Rb3 Kg2 62. Kc4 Kf2 63. Kd4 Ke2
64. a4 Kd2 65. Rb2+ Kc1 66. Kc3 Kd1 67. Ra2 Ke1 68. Kd3 Kf1 69. Ke3 Kg1 70. Kf3
Kh1 71. Kg3 Kg1 72. Ra1# 1-0

[Event "ODJM B 2016"]
[Site "Willingen GER"]
[Date "2016.05.21"]
[Round "9"]
[White "Rapp, Lukas"]
[Black "Müller, Marvin"]
[Result "0-1"]
[Termination "normal"]
[Board "1"]
[WhiteElo "1572"]
[BlackElo "1480"]
[PlyCount "58"]
[WhiteFideId "12989320"]
[BlackFideId "16214528"]
[EventCountry "GER"]
[EventRounds "9"]
[EventType "swiss"]
[EventDate "2016.05.14"]

1. e4 c5 2. Nf3 d6 3. d4 cxd4 4. Nxd4 Nf6 5. Nc3 a6 6. f3 e6 7. Be3 b5 8. Qd2
b4 9. Nce2 e5 10. Nb3 Nc6 11. g4 h6 12. Ng3 Be6 13. Rd1 Qc7 14. c3 a5 15. Bb5
a4 16. Nc1 d5 17. cxb4 Rb8 18. Qd3 Bxb4+ 19. Bd2 dxe4 20. Nxe4 Bxd2+ 21. Nxd2
e4 22. fxe4 Nxg4 23. Nc4 Bxc4 24. Qxc4 Qa5+ 25. Rd2 Qxb5 26. Qc3 Nce5 27. Rg1
Rg8 28. h3 Nf6 29. Qe3 Nc4 0-1

[Event "ODJM B 2016"]
[Site "Willingen GER"]
[Date "2016.05.21"]
[Round "9"]
[White "Fromm, Marius"]
[Black "Wu, Erik"]
[Result "0-1"]
[Termination "normal"]
[Board "2"]
[WhiteElo "1596"]
[BlackElo "1462"]
[PlyCount "64"]
[WhiteFideId "12993190"]
[BlackFideId "12977489"]
[EventCountry "GER"]
[EventRounds "9"]
[EventType "swiss"]
[EventDate "2016.05.14"]

1. Nf3 Nf6 2. g3 d5 3. Bg2 e6 4. O-O Be7 5. b3 O-O 6. Bb2 c5 7. e3 Nc6 8. c4 d4
9. exd4 cxd4 10. d3 e5 11. Re1 Qc7 12. a3 Bf5 13. b4 Nd7 14. Qe2 Bf6 15. Nbd2
a6 16. Rac1 Qb8 17. Rc2 Ra7 18. Rec1 Rc8 19. Ne4 Be7 20. Nfd2 Kf8 21. c5 b5 22.
cxb6 Qxb6 23. Nc4 Qb8 24. Na5 Rac7 25. Nxc6 Rxc6 26. Rxc6 Rd8 27. Qc2 Nb6 28.
Rc7 Nd5 29. Rc8 Rxc8 30. Qxc8+ Bxc8 31. Nc5 Bxc5 32. Rxc5 Ne7 0-1

[Event "ODJM B 2016"]
[Site "Willingen GER"]
[Date "2016.05.21"]
[Round "9"]
[White "Arnold, Leander"]
[Black "Oberhofer, Marie"]
[Result "0-1"]
[Termination "normal"]
[Board "3"]
[WhiteElo "1618"]
[BlackElo "1601"]
[PlyCount "116"]
[WhiteFideId "12990230"]
[BlackFideId "12938165"]
[EventCountry "GER"]
[EventRounds "9"]
[EventType "swiss"]
[EventDate "2016.05.14"]

1. d4 Nf6 2. Nd2 d5 3. e3 e6 4. Ngf3 c5 5. c3 Nc6 6. Bd3 cxd4 7. exd4 Bd6 8.
O-O O-O 9. Re1 Qc7 10. Nf1 h6 11. Bc2 Ne7 12. Ne5 Bd7 13. Qf3 Nh7 14. Qd3 Nf6
15. Qf3 Nh7 16. Ng3 Bxe5 17. dxe5 Ng6 18. Qd3 Qc4 19. Qxc4 dxc4 20. Bxg6 fxg6
21. h4 Bc6 22. Be3 a6 23. Bb6 Rf4 24. Rad1 Bd5 25. Rd4 Raf8 26. Red1 g5 27. h5
R8f7 28. Bc5 Nf8 29. Bxf8 Kxf8 30. Rxf4 gxf4 31. Nf1 Rf5 32. f3 Rxe5 33. Kf2
Rxh5 34. Re1 Kf7 35. Nd2 b5 36. b3 cxb3 37. axb3 Bb7 38. c4 Rc5 39. b4 Rc7 40.
c5 a5 41. bxa5 Rxc5 42. Ra1 Ba6 43. Ne4 Rc2+ 44. Kg1 Ke7 45. Nf2 Rc3 46. Ne4
Rc4 47. Nd2 Ra4 48. Rxa4 bxa4 49. Kf2 a3 50. Nb3 Bc4 51. Na1 Kd6 52. Ke1 Kc5
53. Kd2 Bf1 54. Nb3+ Kb5 55. Kc3 e5 56. Nd2 Bxg2 57. Kb3 h5 58. Kxa3 h4 0-1

[Event "ODJM B 2016"]
[Site "Willingen GER"]
[Date "2016.05.21"]
[Round "9"]
[White "Leib, Amina"]
[Black "Zwecker, Conrad"]
[Result "0-1"]
[Termination "normal"]
[Board "4"]
[WhiteElo "1510"]
[BlackElo "1430"]
[PlyCount "84"]
[WhiteFideId "12982970"]
[BlackFideId "12971391"]
[EventCountry "GER"]
[EventRounds "9"]
[EventType "swiss"]
[EventDate "2016.05.14"]

1. e4 e5 2. Nf3 Nc6 3. Bc4 Bc5 4. c3 Nf6 5. d4 exd4 6. O-O O-O 7. cxd4 Bb4 8.
e5 Nh5 9. a3 Ba5 10. Bd3 g6 11. d5 Ne7 12. Qa4 Bb6 13. Bg5 d6 14. Qh4 Re8 15.
Re1 dxe5 16. Nxe5 a5 17. Nc3 Bc5 18. Bb5 Rf8 19. Nd3 f6 20. Bh6 Nf5 21. Qc4
Bxf2+ 22. Nxf2 Nxh6 23. d6+ Kg7 24. dxc7 Qd6 25. Rad1 Qf4 26. Re4 Qg5 27. Nh3
Bxh3 28. g3 Nxg3 29. Re7+ Nf7 30. Kf2 Nf5 31. Rdd7 Qg2+ 32. Ke1 Qg1+ 33. Kd2
Qxh2+ 34. Kc1 Nxe7 35. Rxe7 Qd6 36. Re3 Bd7 37. Bxd7 Qxd7 38. Nd5 Qc6 39. Rc3
Qxc4 40. Rxc4 Rac8 41. Nb6 Ne5 42. Rc3 Nc6 0-1

[Event "ODJM B 2016"]
[Site "Willingen GER"]
[Date "2016.05.21"]
[Round "9"]
[White "Straßburg, Robin Leonard"]
[Black "Jahrke, Jonas"]
[Result "1-0"]
[Termination "normal"]
[Board "5"]
[WhiteElo "1819"]
[BlackElo "1526"]
[PlyCount "131"]
[WhiteFideId "16210018"]
[BlackFideId "12984353"]
[EventCountry "GER"]
[EventRounds "9"]
[EventType "swiss"]
[EventDate "2016.05.14"]

1. d4 Nf6 2. c4 g6 3. Nc3 Bg7 4. e4 d6 5. f3 O-O 6. Be3 Nc6 7. Bd3 a6 8. Qd2
Rb8 9. Nge2 e5 10. d5 Ne7 11. Bh6 c5 12. Bxg7 Kxg7 13. g4 Bd7 14. h4 b5 15.
cxb5 axb5 16. h5 b4 17. Nd1 Qc7 18. hxg6 fxg6 19. b3 Ra8 20. Ng3 Qc8 21. Qh6+
Kf7 22. g5 Nfg8 23. Qxh7+ Ke8 24. Be2 Ra7 25. Nb2 Qa8 26. Nc4 Qb8 27. Bd1 Ra6
28. O-O Qc8 29. Rf2 Rf7 30. Qh4 Rf4 31. Qh2 Qd8 32. Ne2 Rf7 33. Qg3 Nc8 34. Rh2
Qe7 35. Nc1 Nb6 36. Nxb6 Rxb6 37. Rb1 Ra6 38. Rbb2 Rh7 39. Rxh7 Qxh7 40. Rh2
Qf7 41. Be2 Ra7 42. Bf1 Qe7 43. Bh3 Bxh3 44. Rxh3 Kf8 45. Qg4 Qd7 46. Qxd7 Rxd7
47. Kf2 Rc7 48. Nd3 Ra7 49. Nc1 Rc7 50. Ke3 Kg7 51. Rh2 Ne7 52. Nd3 Nc8 53. f4
exf4+ 54. Nxf4 Ra7 55. Ne6+ Kg8 56. Rf2 Rf7 57. Rxf7 Kxf7 58. Nd8+ Ke7 59. Nb7
Na7 60. Kf4 Nb5 61. e5 Nc3 62. exd6+ Kd7 63. Ke5 Nxa2 64. Nxc5+ Ke8 65. d7+ Kd8
66. Kd6 1-0

[Event "ODJM B 2016"]
[Site "Willingen GER"]
[Date "2016.05.21"]
[Round "9"]
[White "Winterberg, Johanna"]
[Black "Kolb, Verena"]
[Result "1-0"]
[Termination "normal"]
[Board "6"]
[WhiteElo "1755"]
[BlackElo "1650"]
[PlyCount "93"]
[WhiteFideId "12929344"]
[BlackFideId "12992313"]
[EventCountry "GER"]
[EventRounds "9"]
[EventType "swiss"]
[EventDate "2016.05.14"]

1. e4 e6 2. Nf3 d5 3. e5 c5 4. b4 Nc6 5. bxc5 Bxc5 6. d4 Bb6 7. Bd3 Bd7 8. c3
Nge7 9. O-O Ng6 10. Ba3 Nf4 11. Bc2 Na5 12. g3 Ng6 13. Nfd2 Bb5 14. Ba4 Qd7 15.
Bxb5 Qxb5 16. Bb4 Rc8 17. a4 Qd7 18. Na3 a6 19. Rc1 Nc6 20. Bd6 Bc7 21. Bxc7
Rxc7 22. Nb3 b6 23. c4 Nge7 24. c5 Nc8 25. cxb6 Nxb6 26. Nc5 Qc8 27. Rb1 Nd7
28. Nxd7 Qxd7 29. Qd3 Ra7 30. Rb6 O-O 31. Rc1 Rc7 32. Nc2 Rb8 33. Qxa6 Rxb6 34.
Qxb6 Rb7 35. Qc5 Rc7 36. Nb4 Nxb4 37. Qxc7 Qxc7 38. Rxc7 h6 39. a5 Kf8 40. Kf1
f6 41. exf6 gxf6 42. Rb7 Nc6 43. a6 e5 44. a7 Nxa7 45. Rxa7 exd4 46. Rd7 Ke8
47. Rxd5 1-0

[Event "ODJM B 2016"]
[Site "Willingen GER"]
[Date "2016.05.21"]
[Round "9"]
[White "Lilienthal, Niels Bennett"]
[Black "Frank, Marek"]
[Result "0-1"]
[Termination "normal"]
[Board "7"]
[WhiteElo "1558"]
[BlackElo "1386"]
[PlyCount "56"]
[WhiteFideId "16205421"]
[BlackFideId "16239520"]
[EventCountry "GER"]
[EventRounds "9"]
[EventType "swiss"]
[EventDate "2016.05.14"]

1. d4 d5 2. e3 Nf6 3. Bd3 Nc6 4. c3 e5 5. dxe5 Nxe5 6. Bc2 Bd6 7. h3 O-O 8. Nf3
c6 9. O-O Re8 10. Nbd2 Nfd7 11. e4 Nxf3+ 12. Qxf3 Ne5 13. Qh5 g6 14. Qd1 Qh4
15. Nf3 Nxf3+ 16. Qxf3 dxe4 17. Qd1 Rd8 18. Qe2 Re8 19. Qc4 Bxh3 20. gxh3 Qxh3
21. f4 exf3 22. Qxf7+ Kxf7 23. Bb3+ Kg7 24. Bh6+ Kxh6 25. Rf2 Bc5 26. Raf1
Bxf2+ 27. Rxf2 Re1+ 28. Rf1 Qg2# 0-1

[Event "ODJM B 2016"]
[Site "Willingen GER"]
[Date "2016.05.21"]
[Round "9"]
[White "Von Jan, Lena"]
[Black "Leimbach, Tim Vincent"]
[Result "1/2-1/2"]
[Termination "normal"]
[Board "8"]
[WhiteElo "1420"]
[BlackElo "1640"]
[PlyCount "72"]
[WhiteFideId "12946060"]
[BlackFideId "12988600"]
[EventCountry "GER"]
[EventRounds "9"]
[EventType "swiss"]
[EventDate "2016.05.14"]

1. e4 c5 2. Nf3 Nc6 3. Bb5 Nd4 4. Nxd4 cxd4 5. O-O a6 6. Bc4 e6 7. d3 Ne7 8.
Bb3 g6 9. Bg5 Bg7 10. Qd2 O-O 11. Bh6 b6 12. Bxg7 Kxg7 13. Qf4 Nc6 14. Nd2 e5
15. Qg3 d6 16. a3 Bb7 17. Nf3 f6 18. Nh4 Ne7 19. f4 Qd7 20. f5 g5 21. Nf3 Ng8
22. h4 h6 23. Qg4 Qe8 24. hxg5 fxg5 25. Bxg8 Rxg8 26. Nd2 Kf6 27. Nc4 b5 28.
Nxd6 Qd7 29. Nxb7 Qxb7 30. Qh5 Qh7 31. Kf2 Rac8 32. Rac1 Rc6 33. Rh1 Kg7 34.
Qe2 Rgc8 35. Rhd1 Qg8 36. b3 Qf7 1/2-1/2

[Event "ODJM B 2016"]
[Site "Willingen GER"]
[Date "2016.05.21"]
[Round "9"]
[White "Haase, Dominik"]
[Black "Rokohl, Florian"]
[Result "1-0"]
[Termination "normal"]
[Board "9"]
[WhiteElo "1468"]
[BlackElo "1397"]
[PlyCount "119"]
[WhiteFideId "16208781"]
[BlackFideId "16229738"]
[EventCountry "GER"]
[EventRounds "9"]
[EventType "swiss"]
[EventDate "2016.05.14"]

1. d4 Nf6 2. c4 e6 3. Nf3 c5 4. d5 exd5 5. cxd5 d6 6. Nc3 Bf5 7. e3 a6 8. Bd3
Bxd3 9. Qxd3 g6 10. O-O Bg7 11. e4 Qe7 12. Bd2 O-O 13. Rab1 Qc7 14. Ne2 Re8 15.
Ng3 Nbd7 16. Rfc1 Ng4 17. Bc3 Nge5 18. Nxe5 Nxe5 19. Qe2 Bh6 20. Bd2 Bg7 21.
Bc3 Bh6 22. Bd2 Bg7 23. f4 Nd7 24. Bc3 Re7 25. Bxg7 Kxg7 26. Re1 Qa5 27. b4
cxb4 28. Qb2+ Kg8 29. Qxb4 Qxa2 30. Qxd6 Rae8 31. Rxb7 Qa4 32. Qb4 Qxb4 33.
Rxb4 Nc5 34. Re3 Rd7 35. Ra3 a5 36. Rd4 Ne6 37. dxe6 Rxd4 38. exf7+ Kxf7 39.
Rxa5 Rd1+ 40. Kf2 Rd2+ 41. Kf3 Rd3+ 42. Ke2 Rxg3 43. hxg3 Rxe4+ 44. Kf3 Re1 45.
g4 Rf1+ 46. Ke3 h6 47. Ra6 Re1+ 48. Kf2 Re6 49. Rxe6 Kxe6 50. Kf3 g5 51. g3 Kd5
52. Ke3 Kd6 53. Kd4 Ke6 54. Ke4 Kf6 55. Kd5 gxf4 56. gxf4 h5 57. gxh5 Kf5 58.
h6 Kg6 59. Ke6 Kh7 60. f5 1-0

[Event "ODJM B 2016"]
[Site "Willingen GER"]
[Date "2016.05.21"]
[Round "9"]
[White "Rachor, Felix"]
[Black "Niemann, Leon"]
[Result "1-0"]
[Termination "normal"]
[Board "10"]
[WhiteElo "1580"]
[BlackElo "1421"]
[PlyCount "123"]
[WhiteFideId "16200209"]
[BlackFideId "16218388"]
[EventCountry "GER"]
[EventRounds "9"]
[EventType "swiss"]
[EventDate "2016.05.14"]

1. e4 c5 2. Nf3 Nc6 3. d4 cxd4 4. Nxd4 g6 5. c4 Bg7 6. Be3 Nf6 7. Nc3 O-O 8.
Be2 e6 9. Bf3 Ne5 10. b3 b6 11. Rc1 Bb7 12. O-O d5 13. exd5 exd5 14. cxd5 Nxf3+
15. Nxf3 Nxd5 16. Nxd5 Qxd5 17. Qxd5 Bxd5 18. Nd4 Bxd4 19. Bxd4 a5 20. Bxb6 a4
21. Bc5 Rfc8 22. bxa4 Rxa4 23. a3 Rc4 24. Be3 Rc3 25. h3 R8c4 26. Rxc3 Rxc3 27.
Rd1 Rxa3 28. Rxd5 Kg7 29. Bd4+ Kh6 30. Bc5 Ra8 31. Rd7 f5 32. Be3+ g5 33. Rd6+
Kh5 34. f4 h6 35. Rd5 Rf8 36. Kh2 g4 37. hxg4+ Kxg4 38. Rd6 Kh5 39. Kh3 Re8 40.
Bd4 Re3+ 41. Kh2 Rd3 42. Be5 Rg3 43. Rxh6+ Kxh6 44. Kxg3 Kh5 45. Kh3 Kg6 46. g4
fxg4+ 47. Kxg4 Kf7 48. Kg5 Kg8 49. Kg6 Kf8 50. f5 Kg8 51. f6 Kf8 52. Bd4 Ke8
53. f7+ Ke7 54. Bc5+ Kd7 55. f8=Q Kc6 56. Qd6+ Kb5 57. Kf5 Kc4 58. Ke4 Kb5 59.
Kd4 Ka4 60. Qb8 Ka5 61. Qb6+ Ka4 62. Qb4# 1-0

[Event "ODJM B 2016"]
[Site "Willingen GER"]
[Date "2016.05.21"]
[Round "9"]
[White "Grey, Andrea"]
[Black "Reyher, Susan"]
[Result "0-1"]
[Termination "normal"]
[Board "11"]
[WhiteElo "1428"]
[BlackElo "1761"]
[PlyCount "94"]
[WhiteFideId "12971880"]
[BlackFideId "24686107"]
[EventCountry "GER"]
[EventRounds "9"]
[EventType "swiss"]
[EventDate "2016.05.14"]

1. Nf3 d5 2. d4 c5 3. e3 Nc6 4. b3 Bg4 5. Be2 e6 6. a3 Nf6 7. Bb2 Qa5+ 8. Qd2
Qb6 9. O-O c4 10. Qd1 cxb3 11. cxb3 Be7 12. b4 O-O 13. Nc3 Qc7 14. Qd3 Bf5 15.
Qd1 a6 16. Bd3 Bg4 17. Qe2 Bd6 18. h3 Bh5 19. Rac1 b5 20. Nxb5 axb5 21. Bxb5
Nxd4 22. exd4 Bh2+ 23. Kh1 Qf4 24. Qe3 Ne4 25. Qxf4 Bxf4 26. Rc2 Bg6 27. Re2
Nd6 28. Bc6 Rac8 29. Ba4 Nc4 30. Bc3 Nb6 31. Bc2 Rxc3 32. Bxg6 hxg6 33. Ra2 Na4
34. Nd2 Bxd2 35. Rxd2 Rfc8 36. Kg1 Rc1 37. Rxc1 Rxc1+ 38. Kh2 Rc3 39. Ra2 Kf8
40. f3 Ke7 41. Kg3 Kd6 42. Kf4 f6 43. h4 Rd3 44. Ra1 Rxd4+ 45. Kg3 e5 46. Rb1
Rd3 47. b5 Kc5 0-1

[Event "ODJM B 2016"]
[Site "Willingen GER"]
[Date "2016.05.21"]
[Round "9"]
[White "Zeng, Xiaoyang-Alex"]
[Black "Fuhrmann, Philipp"]
[Result "1-0"]
[Termination "normal"]
[Board "14"]
[WhiteElo "1357"]
[BlackElo "1459"]
[PlyCount "71"]
[BlackFideId "16227557"]
[EventCountry "GER"]
[EventRounds "9"]
[EventType "swiss"]
[EventDate "2016.05.14"]

1. d4 Nf6 2. Nf3 e6 3. Bf4 b6 4. e3 Bb7 5. Nbd2 c5 6. c3 d6 7. h3 a6 8. Be2 h6
9. Bh2 Nc6 10. O-O g5 11. b4 g4 12. hxg4 Nxg4 13. bxc5 Nxh2 14. Nxh2 dxc5 15.
Bf3 h5 16. dxc5 Bxc5 17. Nb3 Bd6 18. Nd4 Qc7 19. Bxc6+ Bxc6 20. Nxc6 Bxh2+ 21.
Kh1 Qxc6 22. Kxh2 Ke7 23. Qd4 Rag8 24. f3 Rg6 25. Qxh8 Qd6+ 26. Kg1 Qg3 27. Rf2
h4 28. Kf1 Rg8 29. Qh6 Rg5 30. Ke2 Rd5 31. Rh1 Qd6 32. e4 Rb5 33. Qxh4+ Kd7 34.
Rd1 Rb2+ 35. Ke1 Rb1 36. Rfd2 1-0

[Event "ODJM B 2016"]
[Site "Willingen GER"]
[Date "2016.05.21"]
[Round "9"]
[White "Schulze, Lukas"]
[Black "von Pückler, Konstantin"]
[Result "0-1"]
[Termination "normal"]
[Board "15"]
[WhiteElo "1299"]
[BlackElo "1327"]
[PlyCount "58"]
[WhiteFideId "12956856"]
[BlackFideId "16205847"]
[EventCountry "GER"]
[EventRounds "9"]
[EventType "swiss"]
[EventDate "2016.05.14"]

1. Nf3 Nf6 2. c4 g6 3. g3 Bg7 4. Bg2 O-O 5. O-O d6 6. d4 c6 7. Nc3 Qa5 8. Bd2
Qh5 9. e4 e5 10. dxe5 dxe5 11. Qb3 Na6 12. Ng5 h6 13. Bf3 Bg4 14. Bxg4 Nxg4 15.
Nf3 Rab8 16. Kg2 f5 17. exf5 gxf5 18. h3 e4 19. Ne1 Ne5 20. Bf4 Nc5 21. Qa3 Ne6
22. Bxe5 Bxe5 23. Qxa7 Ng5 24. h4 Nf3 25. Qe3 Nxh4+ 26. gxh4 Qg4+ 27. Qg3 Bxg3
28. fxg3 f4 29. Nxe4 f3+ 0-1

[Event "ODJM B 2016"]
[Site "Willingen GER"]
[Date "2016.05.21"]
[Round "9"]
[White "Leßmann, Sönke"]
[Black "Klühs, Gustaf"]
[Result "1-0"]
[Termination "normal"]
[Board "16"]
[WhiteElo "1408"]
[BlackElo "1249"]
[PlyCount "79"]
[WhiteFideId "16222520"]
[BlackFideId "16228936"]
[EventCountry "GER"]
[EventRounds "9"]
[EventType "swiss"]
[EventDate "2016.05.14"]

1. e4 e5 2. Nf3 Nc6 3. Bc4 Bc5 4. c3 Nf6 5. d3 O-O 6. Nbd2 d6 7. h3 Be6 8. Bb3
Na5 9. Bxe6 fxe6 10. b4 Bxf2+ 11. Kxf2 Nc6 12. Rf1 Qe8 13. Kg1 Nh5 14. Nh2 Qg6
15. Qg4 Qxg4 16. Nxg4 Ng3 17. Rxf8+ Rxf8 18. Bb2 Ne2+ 19. Kh2 h5 20. Re1 Nxc3
21. Bxc3 hxg4 22. hxg4 Ne7 23. Rf1 Rxf1 24. Nxf1 Ng6 25. g3 Ne7 26. Ne3 b5 27.
Kh3 g6 28. a3 a6 29. Nc2 Kf7 30. Kh4 Kf8 31. Bd2 Kg7 32. Bg5 Nc6 33. Be3 d5 34.
exd5 exd5 35. d4 e4 36. Bf4 Nd8 37. Bxc7 Ne6 38. Be5+ Kh6 39. Ne3 g5+ 40. Kh3
1-0

[Event "ODJM B 2016"]
[Site "Willingen GER"]
[Date "2016.05.21"]
[Round "9"]
[White "Wagner, Victoria"]
[Black "Seliokaite, Ana"]
[Result "1/2-1/2"]
[Termination "normal"]
[Board "17"]
[WhiteElo "1395"]
[BlackElo "1138"]
[PlyCount "40"]
[WhiteFideId "16232348"]
[BlackFideId "16224817"]
[EventCountry "GER"]
[EventRounds "9"]
[EventType "swiss"]
[EventDate "2016.05.14"]

1. e4 g6 2. Nc3 Bg7 3. g3 h5 4. d3 Nh6 5. h3 e5 6. Bg2 d6 7. Be3 Be6 8. Qd2 Qd7
9. Nf3 f6 10. d4 exd4 11. Nxd4 Nc6 12. Nxe6 Qxe6 13. O-O-O O-O-O 14. Qd5 Qe7
15. a3 Kb8 16. Nb5 a6 17. Nd4 Nxd4 18. Bxd4 c6 19. Qb3 Nf7 20. f4 Bh6 1/2-1/2

[Event "ODJM B 2016"]
[Site "Willingen GER"]
[Date "2016.05.21"]
[Round "9"]
[White "Zell, Mirjam"]
[Black "Ziegenfuß, Larissa"]
[Result "1-0"]
[Termination "normal"]
[Board "18"]
[WhiteElo "1677"]
[BlackElo "1526"]
[PlyCount "77"]
[WhiteFideId "16208544"]
[BlackFideId "12974722"]
[EventCountry "GER"]
[EventRounds "9"]
[EventType "swiss"]
[EventDate "2016.05.14"]

1. e4 c5 2. Nf3 e6 3. d4 cxd4 4. Nxd4 Nc6 5. Nb5 a6 6. Nd6+ Bxd6 7. Qxd6 Nf6 8.
Nc3 Qa5 9. Bd2 Qe5 10. Qxe5 Nxe5 11. Be2 O-O 12. O-O b5 13. Bf4 Ng6 14. Bd6 Re8
15. e5 Nd5 16. Nxd5 exd5 17. f4 Bb7 18. g3 f6 19. Bh5 Rec8 20. Rac1 Nf8 21. Bf3
fxe5 22. Bxe5 Ne6 23. Rfd1 Nc7 24. Rd2 Kf7 25. Rcd1 g6 26. c3 Ke6 27. Bxc7 Rxc7
28. Bxd5+ Bxd5 29. Rxd5 Raa7 30. Kf2 Kf6 31. Kf3 Ke6 32. Kg4 Kf6 33. Rd6+ Kg7
34. f5 h5+ 35. Kg5 gxf5 36. Kxf5 Rc5+ 37. Kf4 Rc4+ 38. Ke3 Rcc7 39. R1d5 1-0

[Event "ODJM B 2016"]
[Site "Willingen GER"]
[Date "2016.05.21"]
[Round "9"]
[White "Giede, Anna-Blume"]
[Black "Rautenberg, Jakob"]
[Result "0-1"]
[Termination "normal"]
[Board "19"]
[WhiteElo "1506"]
[BlackElo "1704"]
[PlyCount "27"]
[WhiteFideId "12921980"]
[BlackFideId "16214749"]
[EventCountry "GER"]
[EventRounds "9"]
[EventType "swiss"]
[EventDate "2016.05.14"]

1. e4 e5 2. Nf3 Nc6 3. d4 exd4 4. Nxd4 Nf6 5. Nxc6 bxc6 6. Bd3 Bc5 7. O-O d6 8.
h3 O-O 9. Bg5 h6 10. Bh4 Re8 11. Re1 Qe7 12. Nd2 Qe5 13. Nc4 Qf4 14. Bg3 0-1

[Event "ODJM B 2016"]
[Site "Willingen GER"]
[Date "2016.05.21"]
[Round "9"]
[White "Knerr, Sebastian"]
[Black "Götz, Timon"]
[Result "1-0"]
[Termination "normal"]
[Board "20"]
[WhiteElo "1418"]
[BlackElo "1268"]
[PlyCount "197"]
[WhiteFideId "16266013"]
[BlackFideId "16245040"]
[EventCountry "GER"]
[EventRounds "9"]
[EventType "swiss"]
[EventDate "2016.05.14"]

1. e4 c5 2. c3 e6 3. d4 Nf6 4. e5 Nd5 5. c4 Nb4 6. d5 Be7 7. d6 Bg5 8. f4 Bh6
9. Nc3 a6 10. Be3 b6 11. a3 N4c6 12. Qh5 Nd4 13. Bxd4 cxd4 14. Nd1 Bxf4 15. Qf3
Bd2+ 16. Kxd2 Qg5+ 17. Kc2 Nc6 18. Nh3 Qxe5 19. Qf4 Bb7 20. Qxe5 Nxe5 21. Nhf2
f5 22. b3 Rc8 23. Nd3 Nf7 24. N1f2 Nxd6 25. Ne5 Nf7 26. Re1 d6 27. Nf3 e5 28.
Nxd4 g6 29. Rg1 O-O 30. Nf3 b5 31. Kb2 bxc4 32. bxc4 e4 33. Nd4 Ne5 34. Rc1 Rb8
35. Ka1 Rfc8 36. Nh3 d5 37. c5 h6 38. Be2 Kf7 39. Rc3 Nc6 40. Rd1 Ne7 41. Rdc1
Nc6 42. Rd1 Nxd4 43. Rxd4 a5 44. Rd1 g5 45. Bb5 Rc7 46. c6 Bc8 47. Rxd5 Be6 48.
Rdc5 Rd8 49. Ng1 f4 50. Rc1 Kf6 51. Kb2 Bf5 52. Re1 g4 53. Rf1 Kg5 54. h4+ Kg6
55. Rxf4 Rd2+ 56. Rc2 e3 57. Rxd2 exd2 58. Rd4 Be4 59. Rxd2 Kh5 60. g3 Bxc6 61.
Bxc6 Rxc6 62. Rd5+ Kg6 63. Rxa5 Rb6+ 64. Ka2 Rd6 65. Rb5 h5 66. Ne2 Kf6 67. Nf4
Kf7 68. Nxh5 Rd2+ 69. Rb2 Rd5 70. Rf2+ Ke7 71. Nf4 Rd6 72. Re2+ Kd7 73. Re6
Rd2+ 74. Kb3 Rd1 75. Rg6 Rb1+ 76. Kc2 Ra1 77. Kb2 Rf1 78. Rxg4 Rf2+ 79. Kb3
Rf3+ 80. Kb4 Rf1 81. h5 Rb1+ 82. Kc3 Rb6 83. Rg7+ Kd8 84. g4 Rc6+ 85. Kd4 Ra6
86. Ng6 Ra4+ 87. Ke5 Rxg4 88. h6 Rg5+ 89. Kf6 Ra5 90. h7 Ra6+ 91. Ke5 Ra5+ 92.
Kd6 Ra6+ 93. Kc5 Re6 94. h8=Q+ Re8 95. Rg8 Rxg8 96. Qxg8+ Kd7 97. Qf7+ Kd8 98.
Kc6 Kc8 99. Qc7# 1-0